मला सोबत हवीय फक्त सोबत (Record no. 160836)

MARC details
000 -LEADER
fixed length control field 00687nam a2200181Ia 4500
008 - FIXED-LENGTH DATA ELEMENTS--GENERAL INFORMATION
fixed length control field 090124s9999 xx 000 0 und d
082 ## - DEWEY DECIMAL CLASSIFICATION NUMBER
Item number 114745
100 ## - MAIN ENTRY--PERSONAL NAME
Personal name कवठेकर द. र. (दत्त रघुनाथ)
245 ## - TITLE STATEMENT
Title मला सोबत हवीय फक्त सोबत
250 ## - EDITION STATEMENT
Edition statement 0
260 ## - PUBLICATION, DISTRIBUTION, ETC. (IMPRINT)
Date of publication, distribution, etc 1973
300 ## - PHYSICAL DESCRIPTION
Extent 168
600 ## - SUBJECT ADDED ENTRY--PERSONAL NAME
Personal name कवठेकर द. र. (दत्त रघुनाथ)
630 ## - SUBJECT ADDED ENTRY--UNIFORM TITLE
Uniform title मला सोबत हवीय फक्त सोबत
700 ## - ADDED ENTRY--PERSONAL NAME
Personal name कवठेकर द. र. (दत्त रघुनाथ)
730 ## - ADDED ENTRY--UNIFORM TITLE
Uniform title मला सोबत हवीय फक्त सोबत
942 ## - ADDED ENTRY ELEMENTS (KOHA)
Koha item type Book
Holdings
Withdrawn status Lost status Damaged status Not for loan Home library Current library Date acquired Cost, normal purchase price Total Checkouts Full call number Barcode Date last seen Cost, replacement price Price effective from Koha item type
        Marathi Granth Sangrahalaya,Thane Marathi Granth Sangrahalaya,Thane   10.00   114745 THNMGS-114745 01/24/2009 10.00 01/24/2009 Book